| 000 | 00423nam a2200169Ia 4500 | ||
|---|---|---|---|
| 005 | 20250603144701.0 | ||
| 008 | 250603s9999 xx 000 0 und d | ||
| 050 | _aJF 51 .S65/ | ||
| 100 | _aSrivastava, L. N. | ||
| 245 | 0 | _aComparative political systems : theory & practice of modern government | |
| 260 | _aDelhi | ||
| 260 | _bSBD Publishers | ||
| 260 | _c2011 | ||
| 300 | _a432 p | ||
| 650 | _aDelhi | ||
| 942 | _cBK | ||
| 999 |
_c39643 _d39643 |
||